Detalles MARC
| 000 -LEADER |
| fixed length control field |
01317nam a2200325 i 4500 |
| 003 - CONTROL NUMBER IDENTIFIER |
| control field |
DO-SdBNP |
| 005 - DATE AND TIME OF LATEST TRANSACTION |
| control field |
20240205092927.0 |
| 007 - PHYSICAL DESCRIPTION FIXED FIELD--GENERAL INFORMATION |
| fixed length control field |
ta |
| 008 - FIXED-LENGTH DATA ELEMENTS--GENERAL INFORMATION |
| fixed length control field |
140626s2023 dr a c 000 0 spa d |
| 020 ## - INTERNATIONAL STANDARD BOOK NUMBER |
| International Standard Book Number |
9789993431619 |
| 040 ## - CATALOGING SOURCE |
| Original cataloging agency |
DO-SdBNP |
| Language of cataloging |
spa |
| Transcribing agency |
BPMSU |
| Description conventions |
rda |
| 082 #4 - DEWEY DECIMAL CLASSIFICATION NUMBER |
| Classification number |
RD863.4408 |
| Item number |
C117c 2021 |
| Edition number |
22 |
| 100 1# - MAIN ENTRY--PERSONAL NAME |
| Personal name |
Cabral, Lucía Amelia, |
| Dates associated with a name |
1949- |
| Relator term |
autora |
| 245 10 - TITLE STATEMENT |
| Title |
Mar y asombro : |
| Remainder of title |
antología / |
| Statement of responsibility, etc. |
Lucia Amelia Cabral ; presentación Rafael Peralta Romero ; ilustraciones, Milán Lora. |
| 264 ## - PRODUCTION, PUBLICATION, DISTRIBUTION, MANUFACTURE, AND COPYRIGHT NOTICE |
| Place of production, publication, distribution, manufacture |
Santo Domingo : |
| Name of producer, publisher, distributor, manufacturer |
Biblioteca Nacional Pedro Henríquez Ureña, |
| Date of production, publication, distribution, manufacture, or copyright notice |
2023 |
| 300 ## - PHYSICAL DESCRIPTION |
| Extent |
131 páginas : |
| Other physical details |
ilustraciones ; |
| Dimensions |
29 cm. |
| 490 0# - SERIES STATEMENT |
| Series statement |
Premio Biblioteca Nacional de la literatura Infantil |
| 586 ## - AWARDS NOTE |
| Awards note |
Premio Biblioteca Nacional de la literatura Infantil 2021 |
| 590 ## - LOCAL NOTE (RLIN) |
| Local note |
Inventariado, 2024/VM |
| 650 #4 - SUBJECT ADDED ENTRY--TOPICAL TERM |
| Topical term or geographic name as entry element |
Cuentos infantiles dominicanos |
| 650 #4 - SUBJECT ADDED ENTRY--TOPICAL TERM |
| Topical term or geographic name as entry element |
Certámenes literarios |
| General subdivision |
|
| 650 #4 - SUBJECT ADDED ENTRY--TOPICAL TERM |
| Topical term or geographic name as entry element |
Premios literarios |
| 650 #4 - SUBJECT ADDED ENTRY--TOPICAL TERM |
| Topical term or geographic name as entry element |
Poesía infatil dominicana |
| 650 #4 - SUBJECT ADDED ENTRY--TOPICAL TERM |
| Topical term or geographic name as entry element |
Literatura infantil dominicana |
| 700 1# - ADDED ENTRY--PERSONAL NAME |
| Personal name |
Dore, Adela |
| Relator term |
ilustraciones |
| 700 1# - ADDED ENTRY--PERSONAL NAME |
| Personal name |
Peralta Romero, Rafael |
| Relator term |
presentación |
| 711 2# - ADDED ENTRY--MEETING NAME |
| Meeting name or jurisdiction name as entry element |
Premio Biblioteca Nacional de Literatura Infantil |
| Date of meeting |
(2021: 23 de agosto |
| Location of meeting |
Santo Domingo, República Dominicana ) |
| 910 ## - USER-OPTION DATA (OCLC) |
| User-option data |
VMateo V. Control de calidad BPMSU |
| 942 ## - ADDED ENTRY ELEMENTS (KOHA) |
| Source of classification or shelving scheme |
Dewey Decimal Classification |
| Koha item type |
Libros |